(2025): U- und Tram-Bahnhöfe in Nürnberg - Statistiken

Allgemein
  • Dieses Quiz wurde 110 mal gespielt
  • Das Durchschnittsergebnis liegt bei 77 aus 196
Antwortstatistiken
Linie Antwort % Korrekt
Hauptbahnhof
96%
Plärrer
88%
Flughafen
74%
U1 Langwasser Süd
73%
Opernhaus
71%
Weißer Turm
71%
Lorenzkirche
70%
Langwasser Mitte
66%
Ziegelstein
66%
Fürth Hauptbahnhof
64%
Messe
64%
Langwasser Nord
63%
Rathenauplatz
63%
U2 Röthenbach
63%
Stadtgrenze
62%
Wöhrder Wiese
62%
Aufseßplatz
60%
Gustav-Adolf-Straße
60%
Rathaus
60%
Schweinau
60%
Frankenstraße
59%
Gostenhof
58%
Hardhöhe
58%
Klinikum
58%
Maxfeld
58%
Friedrich-Ebert-Platz
56%
Rothenburger Straße
56%
Nordostbahnhof
55%
Eberhardshof
53%
Großreuth bei Schweinau
53%
Hohe Marter
53%
Klinikum Nord
53%
Maximilianstraße
53%
Nordwestring
52%
Schoppershof
52%
Hasenbuck
51%
Maffeiplatz
51%
Rennweg
51%
Bauernfeindstraße
49%
6 | 8 Doku-Zentrum
49%
Stadthalle
49%
St. Leonhard
48%
Tiergarten
48%
4 | 10 Am Wegfeld
47%
Bärenschanze
47%
Jakobinenstraße
47%
Muggenhof
47%
Sündersbühl
47%
Gemeinschaftshaus
45%
Herrnhütte
44%
Kaulbachplatz
44%
Scharfreiterring
42%
Erlenstegen
41%
Gibitzenhof
41%
Steinbühl
40%
Thon
40%
Hallertor
37%
Westfriedhof
37%
Mögeldorf
36%
Christuskirche
34%
Schweiggerstraße
34%
Tristanstraße
34%
Kleinreuth bei Schweinau
33%
Dianaplatz
32%
Dürrenhof
32%
Bucher Straße/Nordring
30%
5 Worzeldorfer Straße
30%
Dutzendteich
29%
Marientunnel
29%
Tiergärtnertor
29%
Landgrabenstraße
27%
Celtisplatz
26%
U3 Gebersdorf
26%
Kohlenhof
26%
Obere Turnstraße
26%
Ostbahnhof
26%
Wodanstraße
26%
Bamberger Straße
25%
Cuxhavener Straße
25%
Business Tower
23%
Meistersingerhalle
23%
Südfriedhof
23%
Juvenellstraße
22%
Marientor
22%
Platz der Opfer des Faschismus
22%
Finkenbrunn
21%
Heynestraße
21%
Marthastraße
21%
Stresemannplatz
21%
Arminiusstraße
19%
Balthasar-Neumann-Straße
19%
Saarbrückener Straße
19%
Trafowerk
19%
Tullnaupark
19%
Am Rangierbahnhof
18%
Harsdörfferplatz
18%
Hummelsteiner Weg
18%
Peterskirche
18%
Schleswiger Straße
18%
Hallerstraße
16%
Holzgartenstraße
16%
Lothringer Straße
16%
Siemensstraße
16%
Brehmstraße
15%
Fliegerstraße
15%
Siedlerstraße
15%
Alemannenstraße
14%
Schuckertstraße
14%
St. Johannisfriedhof
14%
Tauroggenstraße
14%
Thumenberger Weg
14%
Deichslerstraße
12%
Humboldtstraße
12%
Lechnerstraße
12%
Scharrerstraße
12%
Tafelhalle
12%
Widhalmstraße
12%
Julienstraße
11%
Immelmannstraße
10%
Luitpoldhain
10%
Platnersberg
8%
Keine übereinstimmenden Quizze gefunden
Verteilung der Resultate
Anzahl Personen mit jedem Resultat
Perzentil nach korrekt beantworteten Fragen
Ihre Resultats-Entwicklung
Sie haben dieses Quiz noch nicht gespielt